000 00311 a2200157 4500
001 159469
020 _a
040 _cMagnum
100 _a-
240 1 0 _aAlmanaque abril 1999
_lpor
245 1 0 _aAlmanaque abril 1999
362 0 _a1899
440 1 _aAbril
697 _aMAGNITO: ALMANAQUE
942 _cBK
999 _c159469
_d159469